00285nam a2200109Ia 4500008004100000041000800041082001500049100002500064245004500089260003400134365000700168240624s9999 xx 000 0 und d aeng a152.4 BAR  aBARRETT LISA FELDMAN aHOW EMOTIONS ARE MADE THE SECRET LIFE OF c2017aNew YorkbPan Macmillan cRS